Statistics for Christmas A-Z

Click here to take the quiz!

General Stats

  • This quiz has been taken 1,985 times
    (1,967 since last reset)
  • The average score is 21 of 26

Answer Stats

ClueAnswer% Correct
DMonth of Christmas celebrationDecember
98%
ESanta's little helperElf
98%
IFrozen waterIce
97%
KPeople do this under a mistletoeKiss
96%
CPresent for naughty childrenCoal
94%
NSanta Claus lives in this regionNorth Pole
94%
SDelivers presents to everyoneSanta
94%
LUsed to illuminate Christmas treesLights
93%
BBirthplace of JesusBethlehem
92%
RReindeer with a shiny noseRudolph
92%
ACommon Christmas tree-topperAngel
91%
XAbbrieviation for ChristmasX-mas
91%
GGoes under the Christmas treeGift
89%
JJesus' earthly fatherJoseph
88%
HPlant used as a hall-deckerHolly
85%
FO come, all ye ________Faithful
84%
VOne of Santa's reindeerVixen
84%
WRing-shaped door decorationWreath
83%
P"First day of Christmas" birdPartridge
82%
UDo this to gift boxes on ChristmasUnwrap
78%
MGold, Frankincense, and thisMyrrh
76%
OWe three kings of _______Orient
66%
YPagan festival; Noël synonymYule
64%
TNutcracker ballet composerTchaikovsky
52%
ZPromised land (Jerusalem)Zion
45%
QTyndale: The ____ and the DeadQuick
34%

Score Distribution

Percentile by Number Answered

Percent of People with Each Score

Your Score History

You have not taken this quiz since the last reset